000 00765nac a22002537a 4500
001 BR9607477
003 BR-BrBNA
005 20240105121749.0
008 230509b bl.|||m| |||| 00| 0 por d
040 _aBR-BrBNA
_bpor
_cBiblioteca Nacional de Agricultura
072 _aM12
090 _aM12 BR9607477
100 1 _aTeixeira Filho, A.R.
110 1 _aInstituto de Pesca, Sao Paulo, SP (Brasil)
_96067
245 1 _aO condicionamento em peixes
260 3 _aSao Paulo, SP (Brasil):
_c1988.
300 _a22 p.
490 _aBoletim do Instituto de Pesca (Brazil)
_vno. 1
_xISSN 0103-1767
500 _a6 ref.; 10 illus.
650 _aPeixe de Agua Doce
650 _aCriacao
909 _a202312
_bLúcia Elande
_c55
_dLúcia Elande
942 _2AGRIS
_n0
_cMS
999 _c287291
_d287291